[Event "Bergisch Gladbach-ch"]
[Site "Bergisch Gladbach"]
[Date "2005.09.30"]
[Round "6"]
[White "Stieg, Karsten"]
[Black "Raupach, Gregor"]
[Result "0-1"]
[WhiteElo "1348"]
[BlackElo "1892"]
[PlyCount "68"]
[EventDate "2005.08.26"]
[EventType "swiss"]
[EventRounds "7"]
[EventCountry "GER"]
[SourceTitle "CBM 108 Extra"]
[Source "ChessBase"]
[SourceDate "2005.11.04"]
[SourceVersion "1"]
[SourceVersionDate "2005.11.04"]
[SourceQuality "1"]

1. d4 Nc6 2. Nf3 d6 3. c4 Bg4 4. d5 Bxf3 5. exf3 Ne5 6. f4 Nd7 7. f5 e5 8. fxe6 fxe6 9. dxe6 Qe7 10. Qe2 Nc5 11. g3 Nxe6 12. Bg2 0-0-0 13. Bh3 Kb8 14. Bxe6 Re8 15. Bg4 Qf7 16. Be3 h5 17. Bf3 Ne7 18. 0-0 c6 19. Qd3 Nf5 20. Qb3 Ka8 21. Re1 Nd4 22. Qa3 d5 23. Qa5 Nxf3+ 24. Kh1 d4 25. Rd1 b6 26. Qa4 b5 27. Qa6 Qxc4 28. Rc1 Qe6 29. Nd2 dxe3 30. Rxc6 Qd7 31. Rac1 Bc5 32. R1xc5 exd2 33. Rc7 Re1+ 34. Kg2 Nh4+ 0-1

[Event "Bergisch Gladbach-ch"]
[Site "Bergisch Gladbach"]
[Date "2005.08.26"]
[Round "1"]
[White "Akpinar, Abuzer"]
[Black "Raupach, Gregor"]
[Result "0-1"]
[WhiteElo "1432"]
[BlackElo "1892"]
[PlyCount "108"]
[EventDate "2005.08.26"]
[EventType "swiss"]
[EventRounds "7"]
[EventCountry "GER"]
[SourceTitle "CBM 108 Extra"]
[Source "ChessBase"]
[SourceDate "2005.11.04"]
[SourceVersion "1"]
[SourceVersionDate "2005.11.04"]
[SourceQuality "1"]

1. e4 c5 2. Bc4 Nc6 3. Nc3 Ne5 4. Qe2 a6 5. a4 e6 6. Nf3 Bd6 7. d4 cxd4 8. Nxd4 Qa5 9. Bd2 Qc5 10. Ndb5 axb5 11. Bxb5 Ne7 12. 0-0 Bb8 13. Be3 Qd6 14. f4 N5g6 15. e5 Qb4 16. Qc4 Qxc4 17. Bxc4 Nf5 18. Bd2 h5 19. Ne4 Nge7 20. Be2 h4 21. Bg4 Ba7+ 22. Nf2 Ng3 23. hxg3 hxg3 24. Be1 Nd5 25. Ra3 Ne3 26. Nh3 Nxg4+ 27. Kh1 Nf2+ 28. Bxf2 Bxf2 29. Rf3 Rxa4 30. R3xf2 gxf2 31. Rxf2 b5 32. Kg1 b4 33. b3 Ra2 34. Re2 Ba6 35. Rd2 Ke7 36. Nf2 Be2 37. g3 Bf3 38. Nd3 Ra1+ 39. Kf2 Rh2+ 40. Ke3 Rxd2 41. Kxd2 Rg1 42. Nxb4 Rxg3 43. Nd3 Be4 44. Nf2 Bxc2 45. Kxc2 Rg2 46. Kc3 Rxf2 47. b4 Rxf4 48. Kb3 Re4 49. Ka4 Rxe5 50. b5 Kd6 51. Ka5 Kc5 52. Ka6 g5 53. b6 Kc6 54. b7 Kc7 0-1